MARC details
| 000 -LEADER |
| campo de control de longitud fija |
01660nam a22002777a 4500 |
| 003 - IDENTIFICADOR DE NÚMERO DE CONTROL |
| campo de control |
OSt |
| 005 - FECHA Y HORA DE LA ÚLTIMA TRANSACCIÓN |
| campo de control |
20230823141306.0 |
| 008 - DATOS DE LONGITUD FIJA--INFORMACIÓN GENERAL |
| campo de control de longitud fija |
221006b |||||||| |||| 00| 0 eng d |
| 040 ## - FUENTE DE CATALOGACIÓN |
| Centro/agencia transcriptor |
Biblioteca Lado V |
| 082 ## - NÚMERO DE LA CLASIFICACIÓN DECIMAL DEWEY |
| Número de clasificación |
700 |
| Número de ítem |
J88r |
| 100 ## - ENTRADA PRINCIPAL--NOMBRE DE PERSONA |
| 9 (RLIN) |
961 |
| Nombre de persona |
Joya, Olga |
| Término indicativo de función/relación |
directora |
| 245 ## - MENCIÓN DEL TÍTULO |
| Título |
Revista Arte & Cultura/ |
| Resto del título |
Centro de Arte y Cultura UNAH/ |
| 260 ## - PUBLICACIÓN, DISTRIBUCIÓN, ETC. |
| Fecha de publicación, distribución, etc. |
2015 |
| Nombre del editor, distribuidor, etc. |
Universidad Nacional Autónoma de Honduras |
| Lugar de publicación, distribución, etc. |
Honduras |
| 300 ## - DESCRIPCIÓN FÍSICA |
| Dimensiones |
21.5x30cm |
| Extensión |
147p. |
| 490 ## - MENCIÓN DE SERIE |
| Mención de serie |
1 |
| Designación de volumen o secuencia |
II |
| 505 ## - NOTA DE CONTENIDO CON FORMATO |
| Título |
ARTE, CULTURA Y SOCIEDAD |
| Nota de contenido con formato |
RUMBO 5<br/><br/>DE LA POSMODERNIDAD Y LAS ARTES VISUALES EN HONDURAS A TRAVÉS DE LAS BIENALES<br/><br/>TALLER DE LA MERCED: UNA MIRADA DESDE LA CONTRACULTURA ARTÍSTICA <br/><br/>EL ESTADO ACTUAL DE LA EDUCACIÓN FORMAL EN ARTES PLÁSTICAS EN HONDURAS, ESCUELA NACIONAL DE BELLAS ARTES<br/><br/>EDUCACIÓN ARTÍSTICA EN LAS ESCUELAS |
| 505 ## - NOTA DE CONTENIDO CON FORMATO |
| Título |
HISTORIA, IDENTIDAD Y MEMORIA |
| Nota de contenido con formato |
RAÚL AGÜERO VEGA: RESCATANDO LA MEMORIA VISUAL DEL SIGLO XX<br/><br/>LOS NUEVOS PARADIGMAS DEL ARTE AUDIOVISUAL<br/><br/>MERCADOS Y CULTURA POPULAR<br/><br/>ESCUELA DE ARTES Y OFICIOS |
| 505 ## - NOTA DE CONTENIDO CON FORMATO |
| Título |
PATRIMONIO CULTURAL |
| Nota de contenido con formato |
EL MUNICIPIO REPUBLICANO EN HONDURAS, EL CASO DE COMAYAGÜELA<br/><br/>COMAYAGÜELA EN LOS TIEMPOS DE LA ORQUESTA VERDI |
| 505 ## - NOTA DE CONTENIDO CON FORMATO |
| Título |
Actualidad del Teatro Centroamericano |
| 505 ## - NOTA DE CONTENIDO CON FORMATO |
| Título |
La formación de artistas profesionales en la universidad de San Carlos de Guatemala |
| 650 ## - PUNTO DE ACCESO ADICIONAL DE MATERIA--TÉRMINO DE MATERIA |
| Fuente del encabezamiento o término |
Tesauro de Arte & Arquitectura |
| Término de materia o nombre geográfico como elemento de entrada |
ARTE |
| 650 ## - PUNTO DE ACCESO ADICIONAL DE MATERIA--TÉRMINO DE MATERIA |
| Fuente del encabezamiento o término |
Tesauro de Arte & Arquitectura |
| Término de materia o nombre geográfico como elemento de entrada |
CULTURA |
| 9 (RLIN) |
702 |
| 650 ## - PUNTO DE ACCESO ADICIONAL DE MATERIA--TÉRMINO DE MATERIA |
| Fuente del encabezamiento o término |
Tesauro de Arte & Arquitectura |
| Término de materia o nombre geográfico como elemento de entrada |
SOCIEDAD |
| 9 (RLIN) |
703 |
| 650 ## - PUNTO DE ACCESO ADICIONAL DE MATERIA--TÉRMINO DE MATERIA |
| Fuente del encabezamiento o término |
Tesauro de Arte & Arquitectura |
| Término de materia o nombre geográfico como elemento de entrada |
UNIVERSIDAD NACIONAL AUTONOMA DE HONDURAS |
| 942 ## - ELEMENTOS DE ENTRADA SECUNDARIOS (KOHA) |
| Fuente del sistema de clasificación o colocación |
Clasificación Decimal Dewey |
| Tipo de ítem Koha |
Libros |
| Parte de la signatura que corresponde a la clasificación (Parte de la clasificación) |
700 |
| Parte de la signatura que identifica el ejemplar (Parte del ítem) |
J88r |
| Suprimir en OPAC |
No |